[Event "84th Annual Southwest Open"]
[Site "Irving"]
[Date "2018.08.31"]
[Round "1"]
[White "Xiong, Jeffery"]
[Black "Wheeler, Cameron"]
[Result "1-0"]
[WhiteElo "2650"]
[BlackElo "2406"]
[Annotator "TA"]
[PlyCount "75"]
[EventDate "2018.08.31"]
[EventType "swiss"]
[EventCountry "USA"]
[SourceTitle "playchess.com"]
[Source "ChessBase"]
[SourceQuality "1"]

{[%evp 24,75,38,32,60,60,60,45,60,55,45,20,68,-10,44,55,55,68,55,56,63,63,65,77,166,164,164,149,206,206,216,197,227,212,205,200,280,289,279,268,253,236,413,428,399,403,759,775,689,685,1491,1468,1265,1227]} 1. d4 d5 2. c4 c6 3. Nf3 Nf6 4. cxd5 cxd5 5. Nc3 Nc6 6. Bf4 Bf5 7. Qb3 Na5 8. Qa4+ Bd7 9. Qc2 Rc8 {D14: Slav Defence: Exchange variation with ...Bf5} (9... e6 10. e3 Nh5 11. Bg5 f6 12. Bh4 g5 13. g4 gxh4 14. gxh5 Bb4 15. Bd3 Qe7 16. a3 Bxc3+ 17. Qxc3 {0-1 (79) Aronian,L (2795)-Giri,A (2755) Moscow 2016}) 10. e3 b5 11. a3 g6 12. Bd3 Bg7 13. Qe2 {LiveBook: 3 Games} Nc4 14. O-O O-O 15. Rfc1 {[#]} Qb6 $146 ({Predecessor:} 15... a5 16. Bg5 e6 17. Ne5 {½-½ (42) Sokolov,I (2641)-Bu,X (2670) Moscow 2012}) 16. Ne5 Be6 17. h3 Rfd8 18. b3 (18. a4 $14) 18... Nxe5 (18... Nh5 $1 $11 19. bxc4 bxc4) 19. Bxe5 $14 Ne4 20. Nxb5 {Threatens to win with Bc7.} Bxe5 21. dxe5 Nc5 22. Bc2 Bd7 23. Nd4 $36 {[%mdl 2048] Keeping Black busy.} f6 (23... Ne6 $16 {was necessary.}) 24. b4 $18 Ne6 25. Nf3 f5 {[#]} (25... Bb5 $16 {might work better.} 26. Bd3 a6 27. Rxc8 Rxc8 28. exf6 exf6 29. Bxb5 axb5) 26. Bb3 $1 Bc6 27. Qd2 Kg7 28. Nd4 Nxd4 29. exd4 h6 30. Rc5 e6 31. Rac1 Bd7 32. Bd1 Qa6 $2 {[#]} (32... Rxc5 33. bxc5 Qb7) 33. a4 $1 {[%cal Ba3a4,Ba4b5,Bb5b6][%mdl 544]} Qb7 (33... Bxa4 34. Ra1) 34. b5 a6 (34... Rh8 $142 35. Qa5 Qb6 36. Qxb6 axb6) 35. Qa5 {White is clearly winning.} axb5 36. Rc7 Qb8 37. axb5 Kg8 38. b6 {Precision: White = 79%, Black = 38%.} 1-0

[Event "84th Annual Southwest Open"]
[Site "Irving"]
[Date "2018.08.31"]
[Round "1"]
[White "Baryshpolets, Andrey"]
[Black "Ynojosa Aponte, Felix Jose"]
[Result "1-0"]
[WhiteElo "2609"]
[BlackElo "2370"]
[Annotator "TA"]
[PlyCount "67"]
[EventDate "2018.08.31"]
[EventType "swiss"]
[EventCountry "USA"]
[SourceTitle "playchess.com"]
[Source "ChessBase"]
[SourceQuality "1"]

{[%evp 19,67,0,25,31,31,11,3,-6,0,-14,0,2,108,93,111,92,95,100,95,72,80,87,131,123,581,576,534,566,517,569,563,562,549,541,891,538,892,871,933,932,928,918,882,875,1782,1677,1600,1417,29993,29994]} 1. d4 Nf6 2. c4 e6 3. Nf3 d5 4. Nc3 c6 5. e3 Nbd7 6. Qc2 Bd6 7. Bd3 dxc4 8. Bxc4 b5 9. Bd3 {D46: Semi-Slav: 5 e3 Nbd7 6 Bd3, Black avoids the Meran} (9. Be2 O-O 10. O-O a6 11. Rd1 Qc7 12. e4 e5 13. h3 Re8 14. a3 exd4 15. Nxd4 Bh2+ 16. Kh1 Be5 17. Bf3 c5 18. Nf5 Nb6 19. Bg5 Bxf5 20. exf5 {½-½ (40) Navara,D (2751)-So,W (2778) Prague 2015}) 9... Bb7 10. O-O a6 {LiveBook: 7 Games} 11. e4 {[#] Black must now prevent e5.White has an edge.} e5 12. h3 c5 13. dxe5 $146 ({Predecessor:} 13. d5 c4 14. Be2 O-O 15. Be3 Rc8 16. Nd2 Nc5 {½-½ (45) Schwing,H (2306)-Wieland,O (2060) Germany 2009}) 13... Nxe5 14. Be2 b4 15. Rd1 Nxf3+ (15... Qc7 $11 {keeps the balance.} 16. Nxe5 bxc3) 16. Bxf3 $16 {Hoping for Bf4!} bxc3 17. e5 Bxf3 18. Rxd6 Qe7 19. Qa4+ Nd7 20. gxf3 {aiming for Qc6.} Ra7 21. bxc3 f6 $2 {[%mdl 8192]} (21... O-O $16) 22. Qb3 $18 c4 23. Qxc4 Nxe5 {[#]} 24. Qd5 $1 Rd7 25. Ba3 {Rb1 is the strong threat.} Rxd6 26. Bxd6 Qf7 27. Qa8+ Kd7 28. Qxh8 Qg6+ 29. Kh1 Kxd6 30. Rd1+ Ke7 31. Qd8+ Kf7 32. Qd5+ Kf8 33. f4 Nf7 34. Qc5+ {Precision: White = 74%, Black = 30%.} 1-0

[Event "84th Annual Southwest Open"]
[Site "Irving"]
[Date "2018.08.31"]
[Round "1"]
[White "Sadorra, Julio Catalino"]
[Black "Li, Ben"]
[Result "1/2-1/2"]
[WhiteElo "2555"]
[BlackElo "2324"]
[Annotator "TA"]
[PlyCount "61"]
[EventDate "2018.08.31"]
[EventType "swiss"]
[EventCountry "USA"]
[SourceTitle "playchess.com"]
[Source "ChessBase"]
[SourceQuality "1"]

{[%evp 12,61,60,55,63,44,48,50,59,66,58,56,49,50,59,59,43,40,35,50,36,12,87,82,102,99,114,102,194,177,181,39,27,0,23,28,30,33,76,4,4,4,2,6,1,0,0,0,0,-4,-4,-5]} 1. Nf3 d5 2. e3 c5 3. d4 Nf6 4. c3 Nc6 5. dxc5 (5. Nbd2 cxd4 6. exd4 Bf5 7. Nh4 Bg4 8. Be2 Bxe2 9. Qxe2 e6 10. Nb3 Qc7 11. g3 O-O-O 12. Bf4 Bd6 13. Bxd6 Qxd6 {0-1 (43) Jussupow,A (2583)-Karjakin,S (2678) Amsterdam 2007}) 5... e6 6. b4 {D05: Colle System with ...e6} a5 7. Bb5 {LiveBook: 4 Games} Bd7 8. Bxc6 {White is slightly better.} Bxc6 9. a4 axb4 10. cxb4 b6 $1 11. Nd4 Bb7 12. c6 Bxb4+ 13. Bd2 $146 Bxd2+ 14. Nxd2 ({And not} 14. Kxd2 Ne4+ 15. Ke1 Bxc6 $1 $17 {[%mdl 512]}) 14... Ba6 15. Nb5 $36 {[%mdl 2048] White is pushing.} O-O 16. O-O e5 (16... Rc8 $11 {remains equal.}) 17. Qb3 $16 Re8 18. Rfc1 Re6 19. a5 {Strongly threatening Nc7!} bxa5 (19... Bxb5 $16 {was worth a try.} 20. Qxb5 bxa5) 20. c7 $18 Qd7 {[#]} 21. Rxa5 (21. Na7 $1 $18 {[%mdl 512]}) 21... Rc8 $14 22. Qa4 Bxb5 (22... Bb7 {with more complications.} 23. Nb3 Rc6 24. Rf1 Rc2 25. Qb4 d4) 23. Qxb5 Qxb5 24. Rxb5 Kf8 {[#]} 25. f3 (25. Nb3 $1 $16) 25... Re7 $11 {The position is equal.} 26. Rb8 Ree8 27. Rb7 {Threatening Kf2.} Re7 $1 28. Rb8 Ree8 29. Rb5 Re7 30. Rbc5 Rd7 31. e4 {Precision: White = 66%, Black = 56%.} 1/2-1/2

[Event "84th Annual Southwest Open"]
[Site "Irving"]
[Date "2018.08.31"]
[Round "1"]
[White "Shtembuliak, Evgeny"]
[Black "Lin, Andy"]
[Result "1-0"]
[WhiteElo "2518"]
[BlackElo "2274"]
[Annotator "TA"]
[PlyCount "65"]
[EventDate "2018.08.31"]
[EventType "swiss"]
[EventCountry "USA"]
[SourceTitle "playchess.com"]
[Source "ChessBase"]
[SourceQuality "1"]

{[%evp 14,65,9,12,27,16,21,12,14,20,22,17,27,38,36,0,36,33,18,25,17,0,66,32,59,35,55,0,110,112,180,171,174,158,154,106,100,105,94,91,85,86,52,30,216,154,1069,1054,1264,1247,1185,969,1189,1110]} 1. c4 e6 2. Nc3 d5 3. d4 c6 4. e3 Nf6 5. Bd2 Nbd7 6. Rc1 {D31: Queen's Gambit Declined: Semi-Slav without ...Nf6 (+ Marshall Gambit and Noteboom) and Exchange Variation lines without ...Nf6} b6 7. cxd5 exd5 8. Bd3 {LiveBook: 5 Games. The position is equal.} Be7 $146 ({Predecessor:} 8... Bb7 9. Nf3 Bd6 10. O-O O-O 11. e4 dxe4 12. Nxe4 Be7 13. Ng3 {1-0 (40) Rakhmanov,A (2650)-Alonso Rosell,A (2540) Barcelona 2016}) 9. f4 O-O 10. Nf3 Bb7 11. Ne5 c5 12. Qf3 Ne8 13. Qh3 {[%csl Gd3][%cal Rh3h7]} Ndf6 $1 14. g4 {[%cal Bg2g4,Bg4g5][%mdl 32]} Nd6 15. g5 Nfe4 16. dxc5 $40 {[%mdl 128] White is up to no good.} bxc5 17. Nxe4 dxe4 (17... Nxe4 $11 18. Bxe4 dxe4) 18. Be2 Bc8 19. Bg4 Bxg4 20. Nxg4 ({White should play} 20. Qxg4 $14 Qc8 21. Qxc8 Rfxc8 22. Bc3) 20... Ne8 (20... Nf5 $11) 21. Rg1 $16 {[%cal Bh1g1,Bg1g4,Bg4g3,Bg3g6,Bg6g7][%mdl 32]} Qd5 (21... f5 $16) 22. Bc3 $18 Rd8 {[#]} 23. Nh6+ $1 {[%mdl 512]} Kh8 (23... gxh6 24. gxh6+) 24. Rg4 f6 {[%cal Rf6g5] [#]} 25. Nf7+ $1 {[%mdl 512]} Rxf7 ({Don't blunder} 25... Qxf7 $2 26. g6 $18) 26. g6 {[%csl Gg6][%cal Rh3h7]} h6 {aiming for ...Rf8.} 27. gxf7 Qxf7 28. Kf2 f5 $2 (28... Rd3 $11 {and Black has nothing to worry.}) 29. Rg3 Qe6 $2 (29... Bf6 $16) 30. Rcg1 {White is clearly winning.} Bf6 31. Rg6 {Intending Qxh6+! and mate.} Kg8 32. Qxh6 {White threatens Rxg7+! and mate.} Bxc3 {[#]} 33. Rxg7+ $1 {[%mdl 512] Precision: White = 82%, Black = 44%.} 1-0

[Event "84th Annual Southwest Open"]
[Site "Irving"]
[Date "2018.08.31"]
[Round "1"]
[White "Berczes, David"]
[Black "Kumar, Nikhil"]
[Result "1-0"]
[WhiteElo "2501"]
[BlackElo "2268"]
[Annotator "TA"]
[PlyCount "73"]
[EventDate "2018.08.31"]
[EventType "swiss"]
[EventCountry "USA"]
[SourceTitle "playchess.com"]
[Source "ChessBase"]
[SourceQuality "1"]

{[%evp 22,73,41,38,38,34,61,8,23,15,15,16,22,29,17,26,27,8,8,8,7,12,7,5,33,24,32,25,25,24,199,199,193,218,210,226,206,164,254,178,200,200,228,231,223,231,302,314,289,262,29991,29992,29993,29994]} 1. c4 Nf6 2. Nf3 e6 3. g3 b6 4. Bg2 Bb7 5. d4 Be7 6. O-O O-O 7. Nc3 Ne4 8. Bd2 f5 9. Ne5 {[%cal Bf3e5,Be5d3,Bd3f4,Bf4h3][%mdl 32] E18: Queen's Indian: Old Main Line (4 g3 Bb7 5 Bg2 Be7 6 0-0 0-0 7 Nc3)} (9. Qc2 Nxc3 10. Qxc3 Bf6 11. Rad1 Nc6 12. Qe3 Ne7 13. Bc3 Qe8 14. Ne1 Bxg2 15. Nxg2 Ng6 16. Qd3 Rd8 17. e4 fxe4 18. Qxe4 {½-½ (41) Aronian,L (2780)-Ivanchuk,V (2757) Leuven 2017}) 9... d6 10. Nd3 Nxc3 11. Bxc3 Bxg2 12. Kxg2 {LiveBook: 6 Games} Bf6 13. Nf4 Qe7 $146 ({Predecessor:} 13... Qd7 14. e3 a5 15. h4 Na6 16. Qf3 Rae8 {½-½ (48) Baranowski,T (2412)-Vecek,M (2305) ICCF email 2014}) 14. Qd3 (14. e4 $14) 14... Bg5 15. Nh3 Nd7 16. f4 Bf6 17. e4 fxe4 18. Qxe4 c5 19. Ng5 (19. Rad1 {seems wilder.} cxd4 20. Bxd4 Rad8 21. Rfe1 Bxd4 22. Qxd4 Nf6 23. Nf2) 19... Bxg5 20. fxg5 cxd4 21. Bxd4 Nc5 $132 {[%mdl 2048] Black is not keeping still} 22. Bxc5 bxc5 23. h4 Rab8 24. Rxf8+ Rxf8 $14 {[%mdl 4096] Endgame KQR-KQR} 25. Re1 Kh8 $2 (25... e5 $11) 26. Qxe6 $18 Qb7+ 27. Kh3 Qxb2 28. Qxd6 {[%cal Rd6f8]} Qf2 29. Qe5 Qd2 (29... Qf7 $142) 30. Qe2 Qd7+ 31. Qe6 Qd2 {[#]} 32. Rf1 $1 {[%cal Rf1f8][%mdl 512]} Rg8 {[#]} (32... Rxf1 33. Qe8+) 33. a4 $1 Qa2 34. h5 {[%cal Bh4h5,Bh5h6][%mdl 32] Threatens to win with h6.} Qd2 35. Qe7 {White wants to mate with h6.} Qd3 $2 (35... h6 $18 36. gxh6 (36. Qxc5 Qe2 $16) 36... Qxh6 37. Qxc5 Qe6+ 38. Rf5 a6) 36. Rf8 Qxc4 37. h6 {Precision: White = 63%, Black = 33%.} 1-0

[Event "84th Annual Southwest Open"]
[Site "Irving"]
[Date "2018.08.31"]
[Round "1"]
[White "Reshef, Omer"]
[Black "Easton, Jack"]
[Result "1-0"]
[WhiteElo "2497"]
[BlackElo "2262"]
[Annotator "TA"]
[PlyCount "119"]
[EventDate "2018.08.31"]
[EventType "swiss"]
[EventCountry "USA"]
[SourceTitle "playchess.com"]
[Source "ChessBase"]
[SourceQuality "1"]

{[%evp 14,119,43,16,23,18,18,16,33,12,32,22,28,22,29,21,33,14,17,15,14,0,11,4,8,0,0,0,0,-12,5,0,0,0,0,0,0,-8,0,0,0,0,0,0,0,0,0,0,0,0,0,0,0,0,0,-12,0,0,72,56,70,57,55,18,25,22,63,41,54,6,250,242,496,466,481,383,423,427,418,407,412,410,511,515,632,627,584,584,573,572,472,455,701,664,648,594,1027,1009,29974,29976,29978,29979,29983,29981,29981,29982,29979,29977]} 1. e4 d5 2. exd5 Qxd5 3. Nc3 {[%cal Bb1c3,Bc3e2,Be2g3][%mdl 32]} Qa5 4. Bc4 Nf6 5. d4 c6 6. Nf3 Bf5 7. O-O e6 8. Ne2 {LiveBook: 11 Partien} h6 $146 {B01: Skandinavische Verteidigung} ({Vorgänger:} 8... Nbd7 9. Ng3 Bg6 10. Re1 Bd6 11. c3 O-O 12. Nh4 c5 13. Nxg6 hxg6 14. dxc5 Qxc5 15. Bf1 Qc7 16. c4 {0-1 (75) Nepomniachtchi,I (2732)-Ivanchuk,V (2738) Leuven 2017}) 9. Ng3 Bh7 10. Re1 Nbd7 {Die Stellung ist ausgeglichen.} 11. Bd3 Bxd3 12. Qxd3 Be7 13. Bd2 Qc7 14. c4 Rd8 15. Bc3 O-O 16. Rad1 Rfe8 17. Qe2 Bf8 18. b3 a5 19. Ne5 Bb4 20. Bxb4 axb4 21. Nd3 c5 22. dxc5 Nxc5 23. Nxc5 Qxc5 24. h3 Qa5 25. Nf1 Rxd1 26. Rxd1 Rd8 27. Rxd8+ Qxd8 28. Qe5 Qb6 29. Qb8+ Kh7 30. Qf8 Kg6 31. Nd2 Nd7 32. Qe7 Ne5 33. Qh4 {[#] Schwarz muss nun De4+ beachten.} Qd6 34. Nf1 Qd3 35. Qe7 b5 (35... Nc6 $11 36. Qxb7 Nd4) 36. Qc5 $16 Qc3 {[%cal Rb5c4]} 37. Qxb5 Nd3 38. Qb7 Qd4 39. Qf3 Nc1 40. Ng3 $36 {[%mdl 2048] zielt auf Dh5+ ab. Weiss kämpft um Vorteil.} f5 41. Kh2 {Und Dc6 würde nun gewinnen.} Nxa2 $2 (41... Qe5 $11) 42. Qe2 $1 $18 {[%csl LRa2,LRe6]} Nc1 $2 (42... Nc3 {war einen Versuch wert.} 43. Qxe6+ Qf6 44. Qe8+ Qf7) 43. Qxe6+ Qf6 44. Qe3 Qc3 45. Qf4 {[%csl Gg3][%cal Rf4f5] [#]} Qc2 46. Nxf5 Qxf5 47. Qxc1 Qxf2 {[%mdl 4096] Endspiel KD-KD} 48. c5 {[%cal Bc4c5,Bc5c6][%mdl 32] Und weiter mit c6 wäre nett.} Qd4 49. c6 Qe5+ 50. Kg1 Qc7 51. Qc5 Kf6 52. Kf1 Kg6 (52... Ke6 $142 53. Kf2 Qf4+ 54. Kg1 Qc7) 53. Ke2 Kf6 54. Qd5 Qh2 {und die Idee ...Dg3 ließe Schwarz weiter hoffen.} 55. Kd3 Qh1 56. Kc4 {Weiß setzt Matt.} Qe1 57. Kb5 Qc3 58. Kb6 Qe3+ 59. Kb7 Qe7+ 60. c7 {Precision: Weiß = 65%, Schwarz = 40%.} 1-0

[Event "84th Annual Southwest Open"]
[Site "Irving"]
[Date "2018.08.31"]
[Round "1"]
[White "Drozdowski, Kacper"]
[Black "Daggupati, Balaji"]
[Result "1-0"]
[WhiteElo "2489"]
[BlackElo "2226"]
[Annotator "TA"]
[PlyCount "83"]
[EventDate "2018.08.31"]
[EventType "swiss"]
[EventCountry "USA"]
[SourceTitle "playchess.com"]
[Source "ChessBase"]
[SourceQuality "1"]

{[%evp 14,83,-4,-13,5,4,8,-10,-9,-15,0,0,35,5,6,7,31,-10,29,29,31,24,30,22,43,45,37,37,54,44,61,50,62,47,62,29,74,55,194,190,245,247,356,352,306,297,306,312,402,407,438,446,425,402,678,652,676,620,653,630,883,578,760,734,2826,2489,12839,12838,2843,1411,3076,2951]} 1. c4 e5 2. Nc3 Nf6 3. Nf3 Nc6 4. a3 g6 5. g3 Bg7 6. Bg2 O-O 7. O-O d6 8. d3 {LiveBook: 182 Games} Bf5 {A26: English Opening vs King's Indian with ...Nc6 and d3} (8... Nd4 9. Ne1 c6 10. b4 Re8 11. e3 Ne6 12. Bb2 h5 13. Nf3 Bd7 14. Rc1 Rc8 15. c5 Nf8 16. cxd6 Bg4 {½-½ (81) Caruana,F (2822)-Aronian,L (2767) Saint Louis 2018}) 9. Bg5 h6 10. Bxf6 (10. Bd2 {with more complications.} a5 11. Rb1 Re8 12. Qc1 Kh7 13. e4) 10... Bxf6 {The position is equal.} 11. Rb1 $146 ({Predecessor:} 11. Nd2 Bg7 12. Rb1 Qd7 13. b4 Bh3 14. Bxh3 Qxh3 15. b5 Ne7 16. Nd5 {1-0 (61) Grigoriadis,A (2189)-Kofidis,A (2345) Nikaia 2017}) 11... Re8 12. b4 Qc8 13. Nd5 Bg7 14. Nd2 Nd4 15. Ne4 {[#] Threatens to win with Nef6+.} Bxe4 (15... Qd8 {seems wilder.} 16. a4 Bg4 17. Ndc3 Rb8 18. a5 Rf8) 16. Bxe4 Ne6 17. Bg2 Qd7 18. Qd2 Rab8 19. a4 c6 20. Nc3 Nc7 21. Rfc1 d5 22. cxd5 cxd5 23. Qa2 {[%cal Rg2d5]} Red8 24. Rc2 Rbc8 25. Rbc1 d4 (25... Rb8 $14) 26. Bxb7 $18 Rb8 (26... dxc3 $142 27. Rxc3 Bf8 28. Bxc8 Rxc8) 27. Ne4 Ne6 (27... Qe6 {might work better.}) 28. Bc6 Qe7 29. b5 Nc7 30. Nc5 Kh7 31. Bg2 Ne8 32. Na6 Rb6 33. Bc6 Nf6 (33... e4 $142 34. dxe4 Nd6) 34. a5 {White is clearly winning.} Rxa6 35. bxa6 e4 36. Bxe4 Nxe4 37. dxe4 d3 38. exd3 Rxd3 39. Rc7 Rd7 40. Rxd7 Qxd7 41. Qd5 Qe7 42. Rb1 {Precision: White = 68%, Black = 17%.} 1-0

[Event "84th Annual Southwest Open"]
[Site "Irving"]
[Date "2018.08.31"]
[Round "1"]
[White "Patel, Advait"]
[Black "Cervantes Landeiro, Thalia"]
[Result "1-0"]
[WhiteElo "2475"]
[BlackElo "2172"]
[Annotator "TA"]
[PlyCount "71"]
[EventDate "2018.08.31"]
[EventType "swiss"]
[EventCountry "USA"]
[SourceTitle "playchess.com"]
[Source "ChessBase"]
[SourceQuality "1"]

{[%evp 19,71,-10,5,-11,22,21,117,4,78,37,42,14,26,32,71,73,57,39,32,14,29,0,0,0,0,0,22,18,22,22,102,100,104,104,116,110,172,179,6195,566,5214,5214,1789,810,784,688,6414,5297,4810,832,832,827,826,821]} 1. e4 e5 2. Nf3 Nc6 3. Bb5 Nf6 4. d3 Bc5 5. Bxc6 dxc6 6. Nbd2 {C65: Ruy Lopez: Berlin Defence (3...Nf6), unusual lines and 4 0-0 Bc5} (6. O-O Qe7 7. h3 Rg8 8. Kh1 Nh5 9. c3 g5 10. Nxe5 g4 11. d4 Bd6 12. g3 Bxe5 13. dxe5 Qxe5 {0-1 (27) Aronian,L (2794)-Kramnik,V (2800) Berlin 2018}) 6... Nd7 7. Nc4 O-O 8. Qe2 Re8 9. Bd2 f6 10. O-O-O Nf8 {LiveBook: 4 Games} 11. Rhg1 Ne6 12. g4 Nf4 $146 (12... b5 $11 13. Na5 Qd6) ({Predecessor:} 12... b5 13. Ne3 Nf4 {0-1 (38) Chigaev,M (2566)-Pridorozhni,A (2565) Khanty-Mansiysk 2017}) 13. Qf1 (13. Bxf4 $1 $16 {Be3 is the strong threat.} exf4 14. g5) 13... Qe7 (13... b5 $11 {keeps the balance.} 14. Bxf4 exf4) 14. Kb1 (14. Bxf4 $5 exf4 15. g5 $14) 14... Be6 {[#]} 15. d4 $1 {[%mdl 512]} Qf7 (15... Bxd4 16. Nxd4) 16. b3 Bd6 17. Nxd6 cxd6 18. Bxf4 exf4 19. Qd3 a5 {[%cal Ba7a5,Ba5a4][%mdl 32]} 20. Qd2 a4 {[%cal Ra4b3]} 21. d5 cxd5 22. exd5 Bd7 23. Qxf4 axb3 24. axb3 Bb5 (24... h6 $11) 25. g5 $36 {[%cal Bg4g5,Bg5g6][%mdl 2080] White has strong initiative.} (25. Qxd6 Be2 $17) 25... f5 {White must now prevent ...Be2.} 26. Nd4 $1 {[%cal Rd4b5]} ({But not} 26. Qxd6 $6 Ra6 $11) 26... Qxd5 27. Nxf5 Qc5 (27... Bd3 $16 28. Rxd3 (28. Nh6+ Kh8 $16) 28... Qa5 29. Nh6+ Kh8) 28. g6 $1 $18 {Intending Nh6+! and mate.} (28. Nxd6 {gets mated.} Qc3 $1 {[%mdl 512]} 29. Qf7+ Kh8 30. Qf8+ Rxf8 31. Nf7+ Kg8 32. Nh6+ gxh6 33. gxh6+ Kh8 34. Rg8+ Rxg8 35. h4 Qa1#) 28... Rf8 $2 {[#]} (28... h5) 29. Qh4 (29. Nh6+ $142 $1 {[%mdl 512]} gxh6 30. Qxh6 Qxc2+ 31. Kxc2 Rac8+ 32. Kb1 Rc1+ 33. Rxc1 Bd3+ 34. Ka1) 29... h6 {[#]} 30. Nxh6+ $1 {[%mdl 512]} gxh6 31. Qe7 (31. Qxh6 $142 Ra1+ 32. Kxa1 Qc3+ 33. Kb1) 31... Ra1+ 32. Kxa1 {[%csl Gg6][%cal Re7h7]} Qc3+ 33. Kb1 {[%csl Gg6][%cal Re7h7]} Qg7 34. Qxg7+ Kxg7 35. Rxd6 Rxf2 36. Re6 {Precision: White = 59%, Black = 19%.} 1-0

[Event "84th Annual Southwest Open"]
[Site "Irving"]
[Date "2018.08.31"]
[Round "1"]
[White "Nakar, Eylon"]
[Black "Vivekananthan, Anish"]
[Result "0-1"]
[WhiteElo "2461"]
[BlackElo "2132"]
[Annotator "TA"]
[PlyCount "107"]
[EventDate "2018.08.31"]
[EventType "swiss"]
[EventCountry "USA"]
[SourceTitle "playchess.com"]
[Source "ChessBase"]
[SourceQuality "1"]

{[%evp 32,107,32,14,52,42,75,55,54,65,56,50,52,43,51,28,47,0,39,38,35,43,84,77,75,50,33,0,0,0,0,0,-7,-18,-33,-43,-44,-66,0,0,0,-46,0,0,103,103,150,150,173,163,177,19,30,0,26,0,0,0,0,0,0,0,0,0,0,0,0,0,0,-62,-54,-277,-277,-283,-276,-256,-221,-765]} 1. e4 c5 2. Nf3 d6 3. Bb5+ Bd7 4. Bxd7+ Qxd7 5. c4 Nc6 6. d4 cxd4 7. Nxd4 g6 8. Nc3 Bg7 9. Be3 Nf6 10. f3 O-O 11. O-O Rfc8 12. b3 Qd8 13. Qd2 Nd7 {B52: Sicilian: Moscow Variation with 3...Bd7} 14. Nde2 a6 15. a4 Rab8 16. Rfd1 Qa5 17. Rab1 {LiveBook: 9 Games} Kf8 {[#]} 18. h3 $146 (18. Qc1 {seems wilder.} Nb4 19. Ba7 Ra8 20. Bf2 Rd8 21. Qd2) ({Predecessor:} 18. Kh1 Nf6 19. Qe1 Qc7 20. Qf2 b6 21. Nd5 Nxd5 22. exd5 {1-0 (40) Tkachiev,V (2535)-Savchenko,S (2570) London 1994}) 18... Qb4 19. Kh1 (19. Qc1 {looks sharper.} Qa5 20. f4 Nf6 21. g4 Kg8 22. Kg2) 19... Nc5 20. Qc2 Qa5 21. Nd5 e6 22. Ndc3 Rd8 23. Qd2 Qb4 24. Qc2 Qa5 25. Na2 Rbc8 26. Bg5 Re8 27. Bf4 Be5 28. Bh6+ Kg8 29. f4 Bf6 30. Rxd6 {aiming for e5.} Red8 31. e5 Be7 32. Rdd1 Rxd1+ 33. Rxd1 Rd8 34. Kh2 Qb6 ({Better is} 34... Rxd1 $15 35. Qxd1 Qb6) 35. Rxd8+ $11 Qxd8 36. b4 {[%cal Bb3b4,Bb4b5][%mdl 32]} Nd3 37. b5 Ncb4 (37... Na5 $11 {remains equal.}) 38. Nxb4 $16 Nxb4 39. Qe4 Qc7 40. Kg3 Bc5 41. Bg5 $2 (41. Nc3 $18) 41... Qd7 $1 $11 42. Kh2 Kg7 43. Bf6+ (43. Nc3 {keeps more tension.} h6 44. Bf6+ Kg8 45. a5 Qd2 46. Qf3) 43... Kg8 44. Bg5 Kg7 45. Bf6+ Kg8 46. Bh4 a5 47. Be1 Qd1 48. Bh4 $1 ({Of course not} 48. Qxb7 Qxe1 49. Qc8+ Kg7 $17) 48... Qd7 49. Nc1 {[#] Nb3 is the strong threat.} Qd1 50. Qe1 (50. Ne2 $11 Qd7) 50... Qc2 $1 $15 51. Bf6 $2 (51. f5 $15) 51... Qxc4 $19 52. Qd2 Nd5 {[#] And now ...Be3 would win.} 53. Nd3 Bb4 54. Qf2 $2 {Precision: White = 34%, Black = 58%.} (54. Qd1) 0-1

[Event "84th Annual Southwest Open"]
[Site "Irving"]
[Date "2018.08.31"]
[Round "1"]
[White "Javakhadze, Zurab"]
[Black "Gutman, Joshua"]
[Result "0-1"]
[WhiteElo "2438"]
[BlackElo "2031"]
[Annotator "TA"]
[PlyCount "45"]
[EventDate "2018.08.31"]
[EventType "swiss"]
[EventCountry "USA"]
[SourceTitle "playchess.com"]
[Source "ChessBase"]
[SourceQuality "1"]

{[%evp 12,45,29,0,115,52,53,60,64,81,100,100,161,168,153,162,171,160,201,204,225,212,222,224,248,233,242,238,236,218,213,210,221,213,272,277]} 1. Nf3 d5 2. c4 c6 3. g3 Nf6 4. Bg2 Bf5 5. O-O e6 6. d3 Be7 7. Be3 {LiveBook: 44 Games} c5 $146 {A11: English Opening: 1...c6} (7... dxc4 $11 8. dxc4 Nbd7) ({Predecessor:} 7... O-O 8. Qb3 Qc7 9. Nc3 dxc4 10. Qxc4 Nbd7 11. Nh4 Nb6 12. Qb3 Bg4 13. h3 Bh5 14. Bf4 Qd7 15. g4 {1-0 (86) Navara,D (2638)-Cheparinov,I (2679) Budva 2009}) 8. d4 (8. Nh4 $16) 8... O-O 9. Nc3 Nc6 {White is slightly better.} 10. cxd5 exd5 11. dxc5 Qa5 (11... Qd7 $16) 12. a3 $18 Rad8 13. Nd4 Nxd4 14. Qxd4 Be6 15. b4 Qc7 16. Bf4 {[%cal Be3f4,Bf4e5,Be5d4][%mdl 32]} Qd7 17. Rfd1 a5 18. Be5 Qc6 19. Ra2 Rd7 20. Rad2 Rfd8 21. Qf4 h6 22. Bd4 Qc8 23. Na4 {[%mdl 32768] Precision: White = 82%, Black = 52%. . Loss on Time!?} 0-1